ਪਰਉਪਕਾਰ ਤੇਰੇ / (Record no. 70695)

MARC details
000 -LEADER
fixed length control field 01097nam a22002657a 4500
005 - DATE AND TIME OF LATEST TRANSACTION
control field 2009080405165.0
008 - FIXED-LENGTH DATA ELEMENTS--GENERAL INFORMATION
fixed length control field 090728t xxu||||| |||| 00| 0 pun d
010 ## - LCCN (DPL NO)
LC control number PUN-7371
020 ## - INTERNATIONAL STANDARD BOOK NUMBER
Terms of availability 250.00
International Standard Book Number 9788171165919
035 ## - SYSTEM CONTROL NUMBER
System control number PN-6489
037 ## - SOURCE OF ACQUISITION
Source of stock number/acquisition DBAD / PUB/ਨੈਸ਼ਨਲ ਬੁਕ ਸ਼ਾਪ
040 ## - CATALOGING SOURCE
Original cataloging agency dpl
Language of cataloging PN
082 ## - DEWEY DECIMAL CLASSIFICATION NUMBER
Classification number 851
100 ## - MAIN ENTRY--PERSONAL NAME
9 (RLIN) 37323
Personal name ਗੁਰਚਰਨ ਸਿੰਘ 'ਚਰਨ'
245 ## - TITLE STATEMENT
Title ਪਰਉਪਕਾਰ ਤੇਰੇ /
Statement of responsibility, etc ਗੁਰਚਰਨ ਸਿੰਘ 'ਚਰਨ'
246 ## - VARYING FORM OF TITLE
Title proper/short title Dharti Di Gazal -part-2
Remainder of title by Harbhajan Singh Komal
260 ## - PUBLICATION, DISTRIBUTION, ETC. (IMPRINT)
Place of publication, distribution, etc ਦਿੱਲੀ
Name of publisher, distributor, etc ਨੈਸ਼ਨਲ ਬੁਕ ਸ਼ਾਪ
Date of publication, distribution, etc 2012
270 ## - ADDRESS
Address ਪਲੱਈਅਰ ਗਾਰਡਨ ਮਾਰਕਿਟ,ਚਾਂਦਨੀ ਚੋਂਕ
City ਦਿੱਲੀ
Telephone number 011-23264342
300 ## - PHYSICAL DESCRIPTION
Extent 158ਪਂ;
Other physical details 21 ਸੇਂਮੀ(ਸਜਿਲਦ)
650 ## - SUBJECT ADDED ENTRY--TOPICAL TERM
9 (RLIN) 37324
650 ## - SUBJECT ADDED ENTRY--TOPICAL TERM
9 (RLIN) 37325
700 ## - ADDED ENTRY--PERSONAL NAME
9 (RLIN) 52947
942 ## - ADDED ENTRY ELEMENTS (KOHA)
Source of classification or shelving scheme Dewey Decimal Classification
Item type Punjabi Bks
Classification part 851
Call number suffix ਗੁਰਚ
Holdings
Withdrawn status Lost status Source of classification or shelving scheme Damaged status Not for loan Collection code Home library Current library Date acquired Source of acquisition Cost, normal purchase price Total Checkouts Full call number Barcode Date last seen Copy number Cost, replacement price Koha item type
    Dewey Decimal Classification     Non-fiction D.B.Act.Division D.B.Act.Division 08/10/2012 DBAD / PUB 250.00   851 ਗੁਰਚ PN-6489 08/10/2012 1 250.00 Punjabi Bks

© Delhi Public Library
Hit Counter
free hit counter